| 000 | 00529nam a2200193 a 4500 | ||
|---|---|---|---|
| 005 | 20210223120632.0 | ||
| 008 | 991125s1976 mx 000 0 spa u | ||
| 020 | _a8432302147 | ||
| 035 | _aUPN01000004704 | ||
| 049 | _aCG | ||
| 050 | 4 |
_aD6 _bH5.9 no.33 |
|
| 245 | 0 | 0 |
_aAsia contemporánea / _ccomp. Lucien Bianco. |
| 260 |
_aMéxico : _bSiglo XXI, _c1976. |
||
| 300 | _a349 p. | ||
| 440 | 0 |
_aHistoria universal siglo XXI ; _v33 |
|
| 651 | 4 |
_aASIA - _xHISTORIA _92090 |
|
| 700 | 1 |
_aBianco, Lucien, _d1930- _ecomp. |
|
| 905 | _aLibro | ||
| 999 |
_c4704 _d4704 |
||